03194nam a2200349 a 4500001001200000003000800012006001900020007001500039008004100054010001700095020002900112020003000141020002700171040002100198035002100219050002700240082001200267100001800279245009500297250001200392260004500404300002300449504005100472505073100523520121801254533015202472650003102624655002902655710001702684856012602701999001702827ebr10630487CaPaEBRm u cr cn|||||||||110912s2012 maua sb 001 0 eng d z 2011038086 z9781444332872 (hardback) z9781444332889 (paperback) z9781444355857 (e-book) aCaPaEBRcCaPaEBR a(OCoLC)82373728314aPN1995.5b.T395 2012eb04a1752231 aTeays, Wanda.10aSeeing the lighth[electronic resource] :bexploring ethics through movies /cWanda Teays. a1st ed. aMalden, Mass. :bWiley-Blackwell,c2012. axv, 367 p. :bill. aIncludes bibliographical references and index.8 aMachine generated contents note: IntroductionUNIT ONE: THE HUMAN CONDITION 1.0 Introduction 1.1 Authenticity 1.2 Personal Identity 1.3 Autonomy and Liberty 1.4 Courage and Inner Strength UNIT TWO: ETHICAL THEORY 2.0 Introduction 2.1 Ethical Egoism 2.2 Cultural Relativism 2.3 Utilitarianism 2.4 Kantian Ethics 2.5 Rawls' Justice Theory 2.6 Aristotle's Virtue Ethics 2.7 Feminist EthicsUNIT THREE: ETHICAL DILEMMAS 3.0 Introduction 3.1 Confronting the Dilemma 3.2 Encountering Evil 3.3 The Impact of Perspective 3.4 Reflecting on Ethical Decisions 4.0 Conclusion to the Text 4.1 APPS: General References 4.2 APPS: Contemporary Moral Problems ApplicationsOfficial Websites and Other Resources (On Seeing the Light website). a"In a visual culture such as ours, movies represent a compelling and surprisingly effective vehicle for ethical reflection. Through the stories that unfold on the big screen-everything from The Wizard of Oz to the Bourne trilogy-viewers often gain profound insights into the moral dimension of their own lives. Through a close analysis of a variety of popular movies, foreign films, and documentaries, Seeing the Light: Exploring Ethics Through Movies represents an innovative approach to the study of ethics and the development of moral reasoning skills. Initial chapters focus on the human condition as a springboard for ethical reflection, followed by coverage of how seven major ethical theories can provide a framework for analyzing movies for their moral message. Later chapters reveal how movies help us reflect on ethical decision-making. A diverse range of classic and contemporary films are woven throughout the text to illustrate each argument. Filled with illuminating insights and thoughtful reflection, Seeing the Light: reveals an ethical microcosm in the world of film that can help us think more clearly about the choices we face and decisions we make in the real world"--cProvided by publisher. aElectronic reproduction.bPalo Alto, Calif. :cebrary,d2011.nAvailable via World Wide Web.nAccess may be limited to ebrary affiliated libraries. 0aEthics in motion pictures. 7aElectronic books.2local2 aebrary, Inc.40uhttp://site.ebrary.com/lib/rucke/Doc?id=10630487zAn electronic book accessible through the World Wide Web; click to view c52757d52757